Estatísticas para Título na Letra #2

Clique aqui para jogar o quiz

Estatísticas Gerais

  • Esse quiz foi jogado 23 vezes
  • A pontuação média é 5 de 15

Estatísticas das Respostas

LetraTítulo% Correto
_________! / Rainha do funk / Poderosa! / Olhar de diamanteGlamurosa
100%
Vem aqui que agora eu tô mandando / Vem meu ___________, a sua dona tá chamandoCachorrinho
84%
__ _____ ______ ___ que brilha lá no céu? / Se você me pedir eu vou buscar só pra te darTá Vendo Aquela Lua
74%
No flow, por onde a gente passa é show / Fechou, e olha onde a gente chegou / Eu sou... ____ __ _______ Negô / Até gringo sambou, tocou Neymar é gol!País do Futebol
63%
_______ _______ Que dia! Que isso? / Põe um pagodinho só pra relaxar / Sol, praia, biquíni, gandaia / Abro uma gelada só pra refrescarCaraca, Muleke!
47%
É a viga, é o vão, festa da cumeeira / É a chuva chovendo, é conversa ribeira / Das _____ __ _____, é o fim da canseiraÁguas de Março
32%
Você dançando e me puxando / Descendo até o chão / Te pego forte, te dou um beijo / Só tem uma solução / _ ____ ____ ________É Nóis Faze Parapapá
21%
Eu já notei que eu tenho que tomar cuidado / Porque você é o tipo certo de ______ ______Garoto Errado
21%
Como num ________ __ _______ / Eu te vejo multiplicada em mil / Eu vim aqui pra ver você / Solta, vestida de lua na nuvemPavilhão de Espelhos
11%
(________, ________, ________, ________) / Dois corpos no cio, um imenso vazio, esperando amor / Esperando amorBailando
11%
__ ______ / É que eu fico sem pensar / Para a pista / Vem que aqui é o meu lugarNa Batida
11%
Você com a sua música esqueceu o principal / Que no peito dos __________s / No fundo do peito bate calado / Que no peito dos __________s também bate um coraçãoDesafinado
11%
E ______ __ _____ / Eu fico parado / Eu volto no tempo / Eu já não sinto amorQuando Me Tocas
5%
Eu sou Daleste com as tops de Angra do lado / ___ _____ é ostentação / O dele é lata, o meu é ouroSão Paulo
5%
Tenho saudades de mim / Do meu amor, mais amado / Eu canto um país sem fim / O mar, a terra, o ___ ____ / ___Meu Fado Meu
0%

Distribuição das Pontuações

Percentil de Números Respondidos

Porcentagem de Pessoas com Cada Pontuação

Sua Pontuação Histórica

Você não jogou esse quiz